00375 a2200145 4500003000400000005001700004008004100021020001800062040000900080082001800089100001500107245005800122260004000180300000900220OSt20240203153141.0231107b |||||||| |||| 00| 0 eng d a9789391938581 coclc a956.04bSHY/F aShyju, M S aFalastine: Theruvil nirthappetta janatha /cM S Shyju aKerala:bYuvatha book house,c2021. a172p